00795 2200277 4500001002100000005001700021008004100038020001800079035002400097082001100121090001800132100003000150245011500180250001100295260003100306300001900337500005700356650001000413700002600423700001100449980001100460985000600471986001000477999001500487999001500502YOGYA-0209000001295520090227022256.0 ind  a979-561-251-4 0010-020900000012955 a297.23 a297.23bAlq T aAL-QARNI, A'aidl Abdullah a30 Tanda-tanda Orang MunafiqcA'aidl Abdullah Al-Qarni ; penerjemah, Ahmad Dainial Suhail ; penyunting, Subhan aCet. 4 aJakartabGema Insani Press a112 hlmc18 cm aJudul Asli : Tsalaatssuna 'Alaamatan Lil Munaafiqiin aKafir aSuhail, Ahmad Dainial aSubhan a180605 a2 aambar a96P0079909 a96P0079911